| 000 | 00376nam a2200145Ia 4500 | ||
|---|---|---|---|
| 008 | 230917s9999||||xx |||||||||||||| ||und|| | ||
| 040 |
_e47010 _aMAIN |
||
| 041 | _aEnglish | ||
| 082 | _a822.33 S15R:A | ||
| 100 | _aRay, Sibnarayan | ||
| 245 | 0 | _aApartheid in Shakespeare and other reffections | |
| 260 |
_aCalcutta _bUnited Writers _c1977 |
||
| 300 | _a166 p. | ||
| 942 | _cBK | ||
| 999 |
_c193226 _d193226 |
||